| 000 | 01751nam a2200505 i 4500 | ||
|---|---|---|---|
| 001 | 33760 | ||
| 003 | KOSZ 005 | ||
| 005 | 20201015102723.0 | ||
| 008 | 980702s1996 pl a |001 0 pol | ||
| 015 | _aUWD 1996/6310 | ||
| 020 | _a8301113715 | ||
| 035 | _a991004064169705066 | ||
| 035 | _a(PL-WaBN)b11079927-48omnis_nlop | ||
| 035 | _ab11079927 | ||
| 035 | _a(OCoLC)69315173 | ||
| 035 | _a(PL)b0000001107992 | ||
| 035 | _a(EXLNZ-48OMNIS_NETWORK)9910407657105606 | ||
| 040 |
_aWA N _cWA N _dKOSZ 005/HR |
||
| 041 | 1 |
_apol _heng |
|
| 046 | _k1990 | ||
| 080 | _a51 | ||
| 080 | _a53 | ||
| 100 | 1 |
_aStewart, Ian _d(1945- ) _eAutor |
|
| 245 | 1 | 0 |
_aCzy Bóg gra w kości ? : _bnowa matematyka chaosu / _cIan Stewart ; [z ang. tł. Michał Tempczyk, Włodzimierz Komar]. |
| 246 | 1 |
_iTyt. oryg.: _aDoes God play dice? The new mathematics of chaos, _f1990 |
|
| 250 | _aWyd. 3. | ||
| 260 |
_aWarszawa : _bWydaw. Naukowe PWN, _c1996 |
||
| 300 |
_a365, [3] s. : _bfaks., fot., nuty, portr., rys., wykr. ; _c21 cm. |
||
| 336 |
_aTekst _btxt _2rdacontent |
||
| 337 |
_aBez urządzenia pośredniczącego _bn _2rdamedia |
||
| 338 |
_aWolumin _bnc _2rdacarrier |
||
| 380 | _aKsiążki | ||
| 380 | _aPublikacje popularnonaukowe | ||
| 388 | _a1901-2000 | ||
| 504 | _aBibliogr. s. 355-357. - Indeks. | ||
| 650 | 7 |
_aTeoria chaosu _2DBN |
|
| 658 | _aFizyka i astronomia | ||
| 658 | _aMatematyka | ||
| 700 | 1 |
_aKomar, Włodzimierz _eTłumaczenie |
|
| 700 | 1 |
_aTempczyk, Michał _d(1942- ) _eTłumaczenie |
|
| 710 | 2 |
_aWydawnictwo Naukowe PWN _4pbl |
|
| 856 |
_uhttp://koha.tu.koszalin.pl/cgi-bin/koha/opac-detail.pl?biblionumber=33760 _yKatalog online BPK |
||
| 942 |
_2UKD _cKS |
||
| 999 |
_c33760 _d33760 |
||